01067nam a2200217Ia 4500003000900000008004100009020001800050040001600068080002300084111014800107245033500255260004200590300001500632650001500647650002800662650002800690650004100718650003500759700003300794710002200827IN-BaIIA211028s9999 xx 000 0 eng d a90-277-2114-9 cIIA Library a082.2:52bIAU-S112 aSymposium of the International Astronomical Union on the Search for Extraterrestrial Life, Recent Developmnentsn112thcBostond1984 June 18-21 4aThe search for extraterrestrial life: recent developmnentsbproceedings of the 112th Symposium of the international Astronomical Union on the search for extraterrestrial life, recent developmnents held at Boston University, Boston, Mass., U.S.A., June 18–21, 1984cedited by Michael D Papagiannis  aDordrechtbD. Reidel Publishingc1985 axxv, 579p. aAstrometry aAstronomical photometry aAstronomical techniques aAstronomy and Astrophysics thesaurus aStellar quantities Calibration aPapagiannis, Michael D., ed. aBoston Univeristy